000 00562nam a2200181 i 4500
001 29234
003 ES-MaACL
005 20230906154009.0
007 t|
008 030121s1860 fr ||||1| fre d
100 1 _aBalzac, Honoré de,
_d1799-1850
_925139
245 1 0 _aScénes de la vie politique
_b: L'Envers de l'histoire contemporaine; Z. Marcas /
_cHonoré de Balzac.
260 _aParís :
_bLib. Nouvelle,
_c1860 (
_fA. Bourdillia et Cie.)
300 _a310 p. ;
_c17 cm.
740 0 _aZ. Marcas.
852 _aES-MaACL
_jG-13545
999 _c29234
_d29234